Sales management (Record no. 4911)

MARC details
000 -CABECERA
campo de control de longitud fija 01377cam a22003371i 4500
001 - NÚMERO DE CONTROL
campo de control 9949857533804341
005 - FECHA Y HORA DE LA ÚLTIMA TRANSACCIÓN
campo de control 20260430165805.0
008 - DATOS DE LONGITUD FIJA--INFORMACIÓN GENERAL
campo de control de longitud fija 130819s2014 enka 001|0|eng|d
015 ## - NÚMERO DE BIBLIOGRAFÍA NACIONAL
Número de bibliografía nacional GBB5D0853
Fuente bnb
020 ## - NÚMERO INTERNACIONAL ESTÁNDAR DEL LIBRO
Número Internacional Estándar del Libro 9781292023458
035 ## - NÚMERO DE CONTROL DEL SISTEMA
Número de control de sistema 3527294
035 ## - NÚMERO DE CONTROL DEL SISTEMA
Número de control de sistema (StEdNL)4985753-nlsdb-Voyager
040 ## - FUENTE DE LA CATALOGACIÓN
Centro catalogador/agencia de origen StDuBDS
Lengua de catalogación eng
Centro/agencia transcriptor StDuBDS
Normas de descripción rda
041 ## - CÓDIGO DE LENGUA
Código de lengua del texto/banda sonora o título independiente eng
042 ## - CÓDIGO DE AUTENTICACIÓN
Código de autenticación ukblsr
100 ## - ENTRADA PRINCIPAL--NOMBRE DE PERSONA
Nombre de persona Tanner, Jeff
Término indicativo de función/relación author
9 (RLIN) 26642
245 10 - MENCIÓN DE TÍTULO
Título Sales management
Resto del título : shaping future sales leaders
Mención de responsabilidad, etc. / Jeff Tanner, Earl Honeycutt, Robert Erffmeyer.
250 ## - MENCIÓN DE EDICIÓN
Mención de edición First edition.
250 ## - MENCIÓN DE EDICIÓN
Mención de edición Pearson new international edition.
264 #1 - PRODUCCIÓN, PUBLICACIÓN, DISTRIBUCIÓN, FABRICACIÓN Y COPYRIGHT
Producción, publicación, distribución, fabricación y copyright Harlow :
Nombre del de productor, editor, distribuidor, fabricante Pearson,
Fecha de producción, publicación, distribución, fabricación o copyright 2014.
300 ## - DESCRIPCIÓN FÍSICA
Extensión 1 online resource
490 ## - MENCIÓN DE SERIE
Mención de serie Pearson custom library
500 ## - NOTA GENERAL
Nota general Includes index.
520 ## - SUMARIO, ETC.
Sumario, etc. For courses in sales management. Sales Management prepares students to become effective sales managers in todays hyper-competitive, global economyby integrating current technology, research, and strategic thinking activities.
630 #0 - PUNTO DE ACCESO ADICIONAL DE MATERIA--TÍTULO UNIFORME
Título uniforme B1 The Art of Selling (BiM)
9 (RLIN) 26596
650 #0 - PUNTO DE ACCESO ADICIONAL DE MATERIA--TÉRMINO DE MATERIA
Término de materia o nombre geográfico como elemento de entrada Sales management
9 (RLIN) 291
700 ## - ENTRADA AGREGADA--NOMBRE PERSONAL
Nombre de persona Honeycutt, Earl D.
Término indicativo de función/relación author
9 (RLIN) 21182
700 ## - ENTRADA AGREGADA--NOMBRE PERSONAL
Nombre de persona Erffmeyer, Robert C.
Término indicativo de función/relación author
9 (RLIN) 21181
856 ## - LOCALIZACIÓN Y ACCESO ELECTRÓNICOS
Identificador Uniforme del Recurso <a href="https://bibliotheque.tbs-education.fr/Default/doc/SYRACUSE/3393436/sales-management-shaping-future-sales-leaders-tanner">https://bibliotheque.tbs-education.fr/Default/doc/SYRACUSE/3393436/sales-management-shaping-future-sales-leaders-tanner</a>
Texto de enlace eBook Access Link
942 ## - ELEMENTOS DE ENTRADA AGREGADA (KOHA)
Fuente del sistema de clasificación o colocación Clasificación de Library of Congress
Holdings
Estado de retiro Estado de pérdida Fuente del sistema de clasificación o colocación Estado dañado No para préstamo Código de colección Biblioteca de origen Biblioteca actual Fecha de adquisición Total de préstamos Fecha visto por última vez Número de copia Identificador Uniforme del Recurso Precio válido a partir de Tipo de ítem Koha Nota pública
    Clasificación de Library of Congress     Core Textbooks TBS Barcelona TBS Barcelona 05/09/2025   05/09/2025 1 https://bibliotheque.tbs-education.fr/Default/doc/SYRACUSE/3393436/sales-management-shaping-future-sales-leaders-tanner 05/09/2025 eBook ebook

Powered by Koha